| 000 | 00403nam a22001217a 4500 | ||
|---|---|---|---|
| 082 | _a220 PRO | ||
| 100 |
_aHASSAM,HAMMAD _972143 |
||
| 245 | _aPR-SOF-1113-STUDY OF SUSPENSION SYSTEM OF A TRACK VEHICLE AND DESIGN ANLYSIS OF TORISION BAR OF MAIN BATTLE TANK AL-KHALID | ||
| 260 |
_aISLAMABAD _bNUST COLLEGE OF EME _c2011 |
||
| 650 | _a DE-MECH-29 | ||
| 700 |
_aDR SYED WAHEED UL HAQ, _918639 |
||
| 942 | _cCR | ||
| 999 |
_c578307 _d578307 |
||